00984 2200313 4500035002000000001002100020005001700041006001900058007000300077008004100080856005900121020002300180040002000203082002000223084001800243090002400261100002100285245015300306250001200459260004300471300002900514650001700543700001900560700001800579700001700597850001300614999001900627999002400646 a0010-0122001512INLIS00000000072101120190214153016.0a | | 000 0 ta171129s2014 yoi | | 000 0 ind  y http://opac.perpusnas.go.id/DetailOpac.aspx?id=987187 a 978-602-1129-21-0 a JKPNPNA b ind042 [23]a 610.73  a 610.73 MAS b a CB-D.11 2014-100770 a Masruroh Hasyim10a Buku pedoman keperawatan : b dari etika sampai kamus keperawatan / c Masruroh Hasyim, Joko Prasetyo, Abdul Ghofa r; pemerhati aksara, Nur Iswarso a Cet. 1 a Yogyakarta : b Indoliterasi, c 2014 a vi, 431 hlm. ; c 23 cm 4a Keperawatan0 a Joko Prasetyo0 a Abdul Ghofar0 a Nur Iswarso a JKPNPNA a 10077/DM/D/17 a 10077/DM/D/17KOP.2